Catalog

Record Details

Catalog Search



Terapeutický rozměr bibliodramatu : bakalářská práce Cover Image Book Book

Terapeutický rozměr bibliodramatu : bakalářská práce Veronika Ratajová ; Vedoucí práce: Vladimír Mašát

Record details

  • Physical Description: 62 s. příl.

Content descriptions

Bibliography, etc. Note:
bibliogr. s. 53

Available copies

  • 1 of 1 copy available at Common Catalog SPOK.

Holds

  • 0 current holds with 1 total copy.
Show Only Available Copies
Location Call Number / Copy Notes Barcode Shelving Location Status Due Date
Jabok Library ABP-1624 424480024090 Absolventské práce Reference -

Electronic resources

Version of Resource: Plný text


LDR 00670ntm a22 a 4500
00113206
003CZ-PrJAB
00520210308061443.0
008100805s2010 xr e |||| |cze
009cz
035 . ‡a(CONS)13206
035 . ‡aKPS0019820
0410 . ‡acze
10011. ‡715803 ‡aRatajová, Veronika
110 2. ‡aEvangelická teologická fakulta Univerzity Karlovy
2451 . ‡aTerapeutický rozměr bibliodramatu : ‡bbakalářská práce ‡cVeronika Ratajová ; Vedoucí práce: Vladimír Mašát
260 . ‡aPraha ‡c2010
300 . ‡a62 s. ‡bpříl.
504 . ‡abibliogr. s. 53
653 . ‡abibliodrama ‡aterapeutické aspekty ‡aterapie ‡abible
70011. ‡715374 ‡aMašát, Vladimír
999 . ‡a1624- ‡c1624- ‡i424480024090 ‡tP
999 . ‡a1625- ‡c1625- ‡i424480024089 ‡tP
910 . ‡aABG312
85641. ‡uhttps://dspace.cuni.cz/handle/20.500.11956/27630 ‡yPlný text
901 . ‡a13206 ‡bCZ-PrJAB ‡c13206 ‡tbiblio

Additional Resources